Handbook of applied hydraulics. (Record no. 61042)
[ view plain ]
| 000 -LEADER | |
|---|---|
| fixed length control field | 00763nam a22002057a 4500 |
| 003 - CONTROL NUMBER IDENTIFIER | |
| control field | NUST-PNEC |
| 005 - DATE AND TIME OF LATEST TRANSACTION | |
| control field | 20170116180713.0 |
| 008 - FIXED-LENGTH DATA ELEMENTS--GENERAL INFORMATION | |
| fixed length control field | 141015b xxu||||| |||| 00| 0 eng d |
| 022 ## - INTERNATIONAL STANDARD SERIAL NUMBER | |
| International Standard Serial Number | B000WI69TG |
| 040 ## - CATALOGING SOURCE | |
| Transcribing agency | PNEC |
| 082 ## - DEWEY DECIMAL CLASSIFICATION NUMBER | |
| Classification number | 627.0202 DAV |
| 100 ## - MAIN ENTRY--PERSONAL NAME | |
| 9 (RLIN) | 607 |
| Personal name | Davis, Calvin Victor |
| 245 ## - TITLE STATEMENT | |
| Title | Handbook of applied hydraulics. |
| Statement of responsibility, etc. | Calvin Victor Davis |
| 250 ## - EDITION STATEMENT | |
| Edition statement | 2nd ed. |
| 260 ## - PUBLICATION, DISTRIBUTION, ETC. | |
| Place of publication, distribution, etc. | New York, |
| Name of publisher, distributor, etc. | McGraw-Hill |
| Date of publication, distribution, etc. | 1969 |
| 300 ## - PHYSICAL DESCRIPTION | |
| Extent | 1 volume (various pagings): |
| Other physical details | illustrations, maps; |
| Dimensions | 23 cm. |
| 500 ## - GENERAL NOTE | |
| General note | Includes Index http://www.amazon.com/Handbook-Applied-Hydraulics-Calvin-Victor/dp/B000WI69TG/ref=sr_1_sc_1?s=books&ie=UTF8&qid=1413369975&sr=1-1-spell&keywords=HANDBOOK+OF+APPLIED+HYDRAULICS+BY+CLAVIN+VICTOR+DAVIS |
| 650 ## - SUBJECT ADDED ENTRY--TOPICAL TERM | |
| General subdivision | ME |
| 942 ## - ADDED ENTRY ELEMENTS (KOHA) | |
| Source of classification or shelving scheme | |
| Koha item type | Book |
| Withdrawn status | Lost status | Source of classification or shelving scheme | Damaged status | Not for loan | Permanent Location | Current Location | Shelving location | Date acquired | Total Checkouts | Full call number | Barcode | Date last seen | Price effective from | Koha item type |
|---|---|---|---|---|---|---|---|---|---|---|---|---|---|---|
| Pakistan Navy Engineering College (PNEC) | Pakistan Navy Engineering College (PNEC) | Reference | 627.0202 DAV | PNECLIB-002391 | 10/15/2014 | Book |
